| 000 | 00412nam a22001577a 4500 | ||
|---|---|---|---|
| 005 | 20260204120128.0 | ||
| 008 | 260204b |||||||| |||| 00| 0 eng d | ||
| 020 | _a978-1-473-60930-3 | ||
| 100 | _aMANN, SANDI | ||
| 245 |
_aPSYCHOLOGY _bA COMPLETE INTRODUCTION |
||
| 260 |
_aLONDON _bJOHN MURRAY LEARNING _c2016 |
||
| 300 | _aVII,328P. | ||
| 500 | _aINCLUDES INDEX | ||
| 650 | _aPSYCHOLOGY | ||
| 942 |
_2lcc _cBK |
||
| 999 |
_c216535 _d216535 |
||